00658cpcaa2200217 4500001001300000003000400013005001700017008004100034010001700075040002900092072001200121100003400133245004000167300001400207506002200221520004100243533004600284546003600330580005700366999001700423mm 79004885 DLC20260227111648.0790731|||||||||||| eng  amm 79004885  aDLCcDLCdDLCedacsdDLC 7aW2lcmd1 aLincoln, Abraham,d1809-1865.00aAbraham Lincoln papers,f1895-1946. a9fitems.0 aOpen to research.8 aCollection concerns Lincoln's birth. aIn part, typewritten transcript.b[S.l.]. aCollection material in English. aForms part of: Miscellaneous Manuscripts collection. c41681d41681